Central Library OPAC University of Rajshahi

অরিয়েন্টালিজম / (Record no. 74169)

MARC details
000 -LEADER
fixed length control field 00943nam a2200241 a 4500
001 - CONTROL NUMBER
control field 74169
003 - CONTROL NUMBER IDENTIFIER
rucl marc code BD-RjUL
005 - DATE AND TIME OF LATEST TRANSACTION
control field 20211209082515.0
008 - FIXED-LENGTH DATA ELEMENTS--GENERAL INFORMATION
fixed length control field 180313t20152005bg ||||| |||b 00| 0 ben d
020 ## - INTERNATIONAL STANDARD BOOK NUMBER
International Standard Book Number 9789848892718
Terms of availability Tk. 500.00
035 ## - SYSTEM CONTROL NUMBER
System control number (BD-RjUL)74387
040 ## - CATALOGING SOURCE
Original cataloging agency BD-RjUL
Language of cataloging eng
Transcribing agency BD-RjUL
041 ## - LANGUAGE CODE
Language code of text/sound track or separate title ben
082 ## - DEWEY DECIMAL CLASSIFICATION NUMBER
Edition number ben
Classification number 303.482182105
Author mark and year SAO 2015
100 1# - MAIN ENTRY--PERSONAL NAME
Personal name সাঈদ, এড ওয়া্র্ড ডব্লিউ
9 (RLIN) 220550
245 10 - TITLE STATEMENT
Title অরিয়েন্টালিজম /
Statement of responsibility, etc. এড ওয়া্র্ড ডব্লিউ সাঈদ ; ভুমিকা ও ভাষান্তর ফয়েজ আলম
300 ## - PHYSICAL DESCRIPTION
Pagination ৩৭২ পৃ. ;
Size ২২ সেমি.
504 ## - BIBLIOGRAPHY, ETC. NOTE
Bibliography, etc গ্রন্থপঞ্জি সংযোজিত
650 ## - SUBJECT ADDED ENTRY--TOPICAL TERM
Topical term or geographic name as entry element প্রাচ্য নীতি
9 (RLIN) 220551
Topical term or geographic name as entry element Orientalism
9 (RLIN) 220552
700 ## - ADDED ENTRY--PERSONAL NAME
Personal name আলম, ফয়েজ
942 ## - ADDED ENTRY ELEMENTS (KOHA)
Source of classification or shelving scheme Dewey Decimal Classification
Koha item type Books
Holdings
Lost status Source of classification or shelving scheme Damaged status Not for loan Collection code Permanent Location Current Location Shelving location Date acquired Source of acquisition Cost, normal purchase price Total Checkouts Full call number Date last seen Copy number Koha item type Date checked out
  Dewey Decimal Classification   Not For Loan Non-fiction Central Library, University of Rajshahi Central Library, University of Rajshahi Reading Room 30/03/2017 Rajshahi Vidyasagar 500.00   B 303.482182105 SAO 2015 13/03/2018 C-1 Books  
  Dewey Decimal Classification     Non-fiction Central Library, University of Rajshahi Central Library, University of Rajshahi   30/03/2017 Rajshahi Vidyasagar 500.00 3 B 303.482182105 SAO 2015 21/12/2022 C-2 Books 06/12/2022
  Dewey Decimal Classification     Non-fiction Central Library, University of Rajshahi Central Library, University of Rajshahi   30/03/2017 Rajshahi Vidyasagar 500.00 1 B 303.482182105 SAO 2015 24/06/2018 C-3 Books 30/05/2018